[Event "Challenge"]
[Site "http://www.queenalice.com/game.php?id=1601923"]
[Date "2020.3.7"]
[Round "-"]
[White "dejami"]
[Black "DotJayPeg"]
[Result "1-0"]
[WhiteElo "1689"]
[BlackElo "1378"]

1. e4 e5 2. Bc4 Nh6 3. d3 Qf6 4. h3 Bc5 5. Nf3 O-O 6. Bg5 Qg6 7. Qc1 d6 8. Nh4
Qh5 9. g4 Be3 10. Qxe3 Nxg4 11. hxg4 Qxg4 12. f3 Qg3+ 13. Ke2 Nc6 14. c3 h6 15.
Rg1 Qh3 16. Bxh6 Qh2+ 17. Qf2 Qxf2+ 18. Kxf2 Be6 19. Rxg7+ Kh8 20. Nd2 Rg8 21.
Bxe6 fxe6 22. Ng6# 1-0

[Event "Challenge"]
[Site "http://www.queenalice.com/game.php?id=1603523"]
[Date "2020.3.21"]
[Round "-"]
[White "DotJayPeg"]
[Black "amadeo"]
[Result "0-1"]
[WhiteElo "1384"]
[BlackElo "1433"]

1. e4 e5 2. Nf3 Bd6 3. Bc4 h6 4. O-O Nf6 5. Nc3 c6 6. d3 b5 7. Bxf7+ Kxf7 8. Be3
Bb4 9. Nxe5+ Ke7 10. Ng6+ Kf7 11. Nxh8+ Qxh8 12. Qf3 Bxc3 13. bxc3 Qe8 14. Bd4
Qe6 15. Rab1 d5 16. exd5 cxd5 17. Rxb5 Ba6 18. Rxd5 Bb7 19. Re1 Qxe1# 0-1

[Event "Challenge"]
[Site "http://www.queenalice.com/game.php?id=1603524"]
[Date "2020.3.21"]
[Round "-"]
[White "amadeo"]
[Black "DotJayPeg"]
[Result "0-1"]
[WhiteElo "1477"]
[BlackElo "1357"]

1. e3 e5 2. Nf3 Bd6 3. Bc4 Qf6 4. h3 Ne7 5. d4 O-O 6. Nc3 exd4 7. Nxd4 c5 8.
Ndb5 Be5 9. Ne4 Qc6 10. Qd3 d5 11. Bxd5 Nxd5 12. c4 Nb4 13. Qb1 Bf5 14. f3 a6
15. Nbc3 Qd7 16. a3 Nd3+ 17. Kf1 Nxc1 18. Qxc1 Qd3+ 19. Ne2 Nd7 20. Qd1 Qxe3 21.
g4 Qxf3+ 22. Nf2 Bxb2 23. Ra2 Bg6 24. Qxd7 Be5 25. Ng1 Qb3 26. Qd2 Qxc4+ 27. Qe2
Qc1+ 28. Qe1 Qc4+ 29. Ne2 Qxa2 30. Nd3 Bxd3 31. Qd1 Rad8 32. Kf2 Bd4+ 33. Ke1
Bxe2 34. Qc1 Bc3+ 35. Kf2 Bc4+ 36. Kg3 Be5+ 37. Kh4 Qf2+ 38. Kg5 Qf6+ 39. Kh5
g6+ 40. Kh6 Qg7+ 41. Kg5 h6+ 42. Kh4 Qf6+ 43. g5 hxg5+ 44. Kg4 Qf5# 0-1

[Event "Challenge"]
[Site "http://www.queenalice.com/game.php?id=1610673"]
[Date "2020.5.3"]
[Round "-"]
[White "DotJayPeg"]
[Black "amadeo"]
[Result "1-0"]
[WhiteElo "1374"]
[BlackElo "1440"]

1. Nc3 e5 2. e4 Bb4 3. Bc4 Bxc3 4. dxc3 d6 5. Be3 a6 6. Qd3 Nf6 7. Nf3 O-O 8.
O-O-O Bg4 9. h3 Bxf3 10. gxf3 b5 11. Bd5 Nxd5 12. exd5 Qf6 13. Rhg1 Qxf3 14. Rg3
Qf6 15. Rdg1 g6 16. h4 Qxh4 17. b3 Kh8 18. Bg5 Qh2 19. Bf6+ Kg8 20. Rxg6+ hxg6
21. Rxg6+ fxg6 22. Qxg6# 1-0

[Event "Challenge"]
[Site "http://www.queenalice.com/game.php?id=1610674"]
[Date "2020.5.3"]
[Round "-"]
[White "amadeo"]
[Black "DotJayPeg"]
[Result "0-1"]
[WhiteElo "1421"]
[BlackElo "1393"]

1. e4 e5 2. Nf3 Nf6 3. Nc3 c6 4. Nxe5 Qe7 5. Ng4 Nxe4 6. Nxe4 Qxe4+ 7. Qe2 d5 8.
Qxe4+ dxe4 9. d3 Bxg4 10. h3 Bf5 11. Bf4 Nd7 12. g4 Be6 13. dxe4 O-O-O 14. O-O-O
Bxa2 15. Be3 b6 16. b3 Ba3+ 17. Kd2 Ne5+ 18. Ke2 Rde8 19. Ra1 Bb4 20. Rxa2 Re7
21. Rxa7 Rxa7 22. Bxb6 Rb7 23. Bd4 Re8 24. Bg2 Rb5 25. c4 Ra5 26. f4 Ra2+ 27.
Kf1 Nd3 28. Kg1 Nxf4 29. Bxg7 Rxg2+ 30. Kf1 Rxe4 31. Bh6 Re1# 0-1

[Event "Challenge"]
[Site "http://www.queenalice.com/game.php?id=1616374"]
[Date "2020.6.12"]
[Round "-"]
[White "dejami"]
[Black "DotJayPeg"]
[Result "1-0"]
[WhiteElo "1699"]
[BlackElo "1385"]

1. e4 e5 2. Bc4 Bc5 3. Nf3 Ne7 4. Nxe5 d5 5. Qf3 Be6 6. Bb5+ c6 7. Be2 Bd4 8.
Nd3 O-O 9. O-O Ng6 10. c3 dxe4 11. Qxe4 a5 12. cxd4 Nd7 13. Nf4 Nxf4 14. Qxf4 a4
15. d3 Ra5 16. Qg3 g6 17. Bd2 Rb5 18. Bc3 Rd5 19. Na3 Re8 20. Bf3 Rf5 21. Be4
Rf6 22. Qe3 Bg4 23. h3 Bf5 24. Rae1 Qc7 25. Qh6 Bxe4 26. d5 cxd5 27. Nb5 Qc5 28.
Nd4 Rd8 29. dxe4 Re8 30. exd5 Rxe1 31. Rxe1 Qc8 32. Nf3 Nc5 33. Ng5 Nd3 34.
Qxh7+ Kf8 35. Qh8# 1-0

[Event "Challenge"]
[Site "http://www.queenalice.com/game.php?id=1616814"]
[Date "2020.6.15"]
[Round "-"]
[White "DotJayPeg"]
[Black "amadeo"]
[Result "0-1"]
[WhiteElo "1382"]
[BlackElo "1483"]

1. d4 d5 2. Bf4 e6 3. Nf3 Nf6 4. Nc3 Bb4 5. a3 Bxc3+ 6. bxc3 Ne4 7. Ng5 h6 8.
Nf3 Nxc3 9. Qd3 Ne4 10. g4 O-O 11. Rg1 b6 12. Ne5 Qf6 13. Qh3 Ng5 14. Bxg5 Qxg5
15. Bg2 Nd7 16. Nc6 Bb7 17. Nb4 Nf6 18. f3 a5 19. Nd3 Ba6 20. f4 Qg6 21. Ne5
Qxc2 22. Nd3 Bxd3 23. Qxd3 Qxd3 24. exd3 Nxg4 25. Rc1 Rfc8 26. Bh3 Nxh2 27. Rc2
Nf3+ 28. Kf2 Nxd4 29. Rd2 c5 30. Rg4 f5 31. Rg6 b5 32. Rd1 c4 33. dxc4 Rxc4 34.
Kg3 b4 35. a4 Ne2+ 36. Kh4 Nxf4 37. Rg3 Nxh3+ 38. Kxh3 Rc3 39. Rg1 Rxg3+ 40.
Rxg3 Rb8 41. Kh4 b3 42. Re3 b2 43. Kh5 b1=Q 44. Rxe6 Qh1+ 45. Kg6 f4 46. Kf5
Rf8+ 47. Ke5 Qe4+ 48. Kd6 Qxe6+ 49. Kxe6 f3 50. Kxd5 f2 51. Kc5 f1=Q 52. Kb6 Rf5
0-1

[Event "Challenge"]
[Site "http://www.queenalice.com/game.php?id=1616815"]
[Date "2020.6.15"]
[Round "-"]
[White "amadeo"]
[Black "DotJayPeg"]
[Result "1-0"]
[WhiteElo "1457"]
[BlackElo "1379"]

1. e4 e5 2. Nf3 f6 3. Bc4 Ne7 4. Nc3 d5 5. exd5 Bf5 6. O-O Qd6 7. d4 exd4 8.
Nxd4 Na6 9. Nxf5 Nxf5 10. Qe2+ Be7 11. Qg4 O-O-O 12. Qxf5+ Kb8 13. Bf4 Qc5 14.
d6 cxd6 15. Qxc5 Nxc5 16. Rfe1 Rhe8 17. Bf7 Rf8 18. Rxe7 g5 19. Bd5 gxf4 20. Ne4
Rd7 21. Rxd7 Nxd7 22. Nxd6 a5 23. Nxb7 Ne5 24. Nxa5 Ng4 25. Nc6+ Kb7 26. Ne5+
Kc7 27. Nxg4 Kd6 28. c4 f5 29. Nh6 Ke5 30. a4 Kd6 31. a5 Rf6 32. Ng8 Rg6 33. a6
f3 34. Bxf3 Rxg8 35. a7 Ke5 36. a8=Q Rg5 37. Qd5+ Kf6 38. Ra6+ Kg7 39. Be4 h6
40. Bxf5 1-0

[Event "Challenge"]
[Site "http://www.queenalice.com/game.php?id=1616858"]
[Date "2020.6.15"]
[Round "-"]
[White "amadeo"]
[Black "DotJayPeg"]
[Result "1-0"]
[WhiteElo "1443"]
[BlackElo "1393"]

1. e4 e5 2. Nf3 f6 3. Bc4 Bc5 4. O-O d6 5. h3 Ne7 6. b3 Nbc6 7. c3 Ng6 8. d4
exd4 9. cxd4 Bb6 10. d5 Nb4 11. Nbd2 Nf4 12. Ba3 Bc5 13. Bxb4 Bxb4 14. a3 Bc3
15. Rc1 Bxd2 16. Qxd2 Nxh3+ 17. Kh2 O-O 18. gxh3 Qe8 19. Qf4 a5 20. a4 g5 21.
Qe3 Ra6 22. Bxa6 bxa6 23. Rxc7 Bd7 24. Qa7 Rf7 25. Qxa6 g4 26. hxg4 Rg7 27. Rg1
Rg6 28. Ra7 Kg7 29. Qxd6 Rh6+ 30. Kg3 f5 31. Rxd7+ Qf7 32. Rxf7+ Kxf7 33. Qxh6
fxe4 34. Ng5+ Ke7 35. Qe6+ Kf8 36. Qf7# 1-0

[Event "Challenge"]
[Site "http://www.queenalice.com/game.php?id=1622237"]
[Date "2020.7.30"]
[Round "-"]
[White "DotJayPeg"]
[Black "amadeo"]
[Result "1-0"]
[WhiteElo "1370"]
[BlackElo "1529"]

1. b4 b5 2. Nc3 a6 3. d4 d5 4. Bf4 e6 5. Nf3 Nc6 6. e3 Bd6 7. Bd3 Bxf4 8. exf4
Nxb4 9. Be2 Qd6 10. Ne5 Nf6 11. O-O O-O 12. Rb1 Bb7 13. a3 Nc6 14. Nxc6 Qxc6 15.
Rb3 Qd6 16. a4 Qxf4 17. g3 Qd6 18. Na2 Qb6 19. axb5 axb5 20. Rxb5 Qc6 21. Nb4
Qd6 22. Rxb7 Ra4 23. c3 Rfa8 24. Nc2 Ne4 25. Bg4 Nxc3 26. Qd2 h6 27. Qxc3 Rc4
28. Qd3 Ra2 29. Rb8+ 1-0

[Event "Challenge"]
[Site "http://www.queenalice.com/game.php?id=1622238"]
[Date "2020.7.30"]
[Round "-"]
[White "amadeo"]
[Black "DotJayPeg"]
[Result "0-1"]
[WhiteElo "1507"]
[BlackElo "1392"]

1. e4 e5 2. Nf3 Nc6 3. Bb5 Bc5 4. Bxc6 dxc6 5. Nxe5 Be6 6. Nf3 Nf6 7. d4 Bb6 8.
Bg5 Bc4 9. b3 Bb5 10. c4 Ba6 11. O-O O-O 12. e5 c5 13. d5 Qe8 14. exf6 c6 15.
fxg7 Kxg7 16. Re1 Qd7 17. Re7 Qg4 18. h3 Qh5 19. Qd2 Bd8 20. Re5 f6 21. Bxf6+
Bxf6 22. Qc3 Bxe5 23. Qxe5+ Qxe5 24. Nxe5 Rae8 25. Nd7 Re1+ 26. Kh2 Rxf2 27.
Nxc5 Ree2 28. dxc6 Rxg2+ 29. Kh1 Rh2+ 30. Kg1 bxc6 31. Nc3 Reg2+ 32. Kf1 Bc8 33.
Re1 Rf2+ 34. Kg1 Bxh3 35. N5e4 Rfg2+ 36. Kf1 Rh1# 0-1

[Event "Challenge"]
[Site "http://www.queenalice.com/game.php?id=1622408"]
[Date "2020.8.1"]
[Round "-"]
[White "DotJayPeg"]
[Black "dejami"]
[Result "1-0"]
[WhiteElo "1413"]
[BlackElo "1699"]

1. b3 e5 2. e4 Qf6 3. Bc4 Bc5 4. Nf3 h6 5. O-O d6 6. h3 g5 7. Nc3 c6 8. d3 b5 9.
Bxf7+ Qxf7 10. a3 Nf6 11. Be3 Bb6 12. a4 b4 13. Ne2 Na6 14. c3 bxc3 15. Nxc3 Nb4
16. d4 Be6 17. Nd2 g4 18. hxg4 Bxg4 19. f3 Bd7 20. Nc4 Qe7 21. f4 Bg4 22. Qe1
exd4 23. Nxb6 axb6 24. Qd2 dxe3 25. Qc1 Nh5 26. f5 Qh4 27. Rd1 O-O-O 28. a5 b5
29. Ra3 Qg3 30. Rf1 Nd3 31. Ne2 Bxe2 32. Qxc6+ Kb8 33. Qxb5+ Kc8 34. a6 Bxf1 35.
Qb7# 1-0

[Event "Challenge"]
[Site "http://www.queenalice.com/game.php?id=1624594"]
[Date "2020.8.22"]
[Round "-"]
[White "DotJayPeg"]
[Black "amadeo"]
[Result "0-1"]
[WhiteElo "1411"]
[BlackElo "1493"]

1. b3 Nc6 2. d3 e5 3. e4 Bc5 4. Be3 Bxe3 5. fxe3 d6 6. Nc3 Nf6 7. Be2 Bg4 8.
Bxg4 Nxg4 9. Qxg4 O-O 10. O-O-O Qf6 11. Nf3 h6 12. Rhf1 Nb4 13. Nd5 Nxd5 14.
Rfe1 Nc3 15. Rd2 Nxa2+ 16. Kb1 Nc3+ 17. Kb2 Nb5 18. Rf2 a5 19. Ref1 Qg6 20. Qd7
Na7 21. Qxc7 Qh5 22. Qxd6 f6 23. Qe6+ Qf7 24. Qh3 Rfe8 25. d4 Nc6 26. d5 Nb4 27.
Rd1 Red8 28. Nh4 a4 29. bxa4 Rxa4 30. Kb3 Qd7 31. Nf5 Rc8 32. Qg3 g5 33. Nxh6+
Kh7 34. Rxf6 Rxc2 35. Rf7+ Qxf7 36. Nxf7 Raa2 37. Nxg5+ Kh6 38. Qh4+ Kg6 0-1

[Event "Challenge"]
[Site "http://www.queenalice.com/game.php?id=1624595"]
[Date "2020.8.22"]
[Round "-"]
[White "amadeo"]
[Black "DotJayPeg"]
[Result "1-0"]
[WhiteElo "1506"]
[BlackElo "1398"]

1. e4 e5 2. Nf3 d6 3. h3 Nf6 4. Nc3 Be7 5. Bc4 O-O 6. O-O Be6 7. Bxe6 fxe6 8. d4
exd4 9. Nxd4 Qd7 10. Bg5 Nc6 11. Nce2 Nxd4 12. Qxd4 e5 13. Qc4+ d5 14. exd5 Bd6
15. Bxf6 Rxf6 16. Nc3 Re8 17. Ne4 Rg6 18. Kh2 Qf5 19. Nxd6 cxd6 20. Qc7 Qg5 21.
Rg1 e4 22. Qxb7 h5 23. Qxa7 Qf4+ 24. g3 Qf3 25. Qe3 Qf5 26. Qf4 Qxf4 27. gxf4
Rxg1 28. Rxg1 e3 29. fxe3 Rxe3 30. f5 Re2+ 31. Rg2 Rxg2+ 32. Kxg2 Kf8 33. b4 Ke8
34. a4 Kd8 35. b5 Kc7 36. c4 Kb6 37. Kg3 Kc5 38. a5 1-0

[Event "Challenge"]
[Site "http://www.queenalice.com/game.php?id=1630989"]
[Date "2020.10.27"]
[Round "-"]
[White "dejami"]
[Black "DotJayPeg"]
[Result "1-0"]
[WhiteElo "1711"]
[BlackElo "1386"]

1. e4 e5 2. Bc4 Bd6 3. Qf3 Qf6 4. Qe3 Nh6 5. h3 O-O 6. Nc3 c6 7. Qg3 b5 8. Be2
Bc5 9. Nf3 d6 10. d3 Be6 11. Bg5 Qg6 12. Nh4 f6 13. Nxg6 hxg6 14. Bxh6 Rf7 15.
Qxg6 Re7 16. d4 Bxd4 17. Rd1 Nd7 18. h4 Rf8 19. h5 Rff7 20. Be3 Bxc3+ 21. bxc3
Nf8 22. Qg3 f5 23. h6 Nh7 24. Rxd6 f4 25. Rd8+ Rf8 26. Rxf8+ Kxf8 27. Qg6 Bg8
28. Bc5 a6 29. hxg7# 1-0

[Event "Challenge"]
[Site "http://www.queenalice.com/game.php?id=1637863"]
[Date "2020.12.28"]
[Round "-"]
[White "DotJayPeg"]
[Black "dejami"]
[Result "0-1"]
[WhiteElo "1392"]
[BlackElo "1669"]

1. c4 e6 2. Nc3 c6 3. e4 Qf6 4. a4 Bc5 5. Nf3 h6 6. Bd3 e5 7. O-O g5 8. g4 d6 9.
b3 Bxg4 10. Be2 Bh3 11. a5 g4 12. Nxe5 Qxe5 13. d3 Qxc3 14. Bd2 Qe5 15. Rc1 Nf6
16. Bc3 Bd4 17. Bxd4 Qxd4 18. Re1 O-O 19. Bf1 Kh8 20. Bxh3 gxh3 21. Kf1 Rg8 22.
Re3 Ng4 23. Ke1 Nxe3 24. Qd2 Rg1+ 25. Ke2 Rxc1 26. Qxc1 Ng4 27. f3 Qf2+ 28. Kd1
Ne3+ 29. Qxe3 Qf1+ 30. Qe1 Qxd3+ 0-1

[Event "Challenge"]
[Site "http://www.queenalice.com/game.php?id=1637864"]
[Date "2020.12.28"]
[Round "-"]
[White "dejami"]
[Black "DotJayPeg"]
[Result "1-0"]
[WhiteElo "1660"]
[BlackElo "1397"]

1. e4 e5 2. Bc4 Qe7 3. Nc3 Qc5 4. Bb3 Nf6 5. Na4 Qd4 6. f3 Bc5 7. Qe2 Nc6 8. c3
Qd6 9. Qc4 O-O 10. Nxc5 Na5 11. Qb4 b6 12. Na4 Qxb4 13. cxb4 Nc6 14. Ne2 d6 15.
d3 Nxb4 16. Kd2 b5 17. Nac3 Be6 18. Bd1 Rad8 19. a3 Nc6 20. Nxb5 d5 21. Ke3 d4+
22. Kf2 Nd7 23. Nxc7 Nc5 24. Bc2 Rd7 25. Nb5 a6 26. b4 Nb3 27. Bxb3 Bxb3 28. Rb1
Bc2 29. Rb2 Bxd3 30. a4 1-0

[Event "Challenge"]
[Site "http://www.queenalice.com/game.php?id=1642475"]
[Date "2021.2.3"]
[Round "-"]
[White "DotJayPeg"]
[Black "BMJFF33"]
[Result "1-0"]
[WhiteElo "1383"]
[BlackElo "1342"]

1. e4 e5 2. Bc4 d6 3. Bxf7+ Kxf7 4. d3 Qf6 5. Nf3 Bg4 6. Nc3 Bxf3 7. gxf3 Qg6 8.
Be3 Qg2 9. Rf1 Qxh2 10. Nd5 Nd7 11. Qd2 Qh5 12. O-O-O Qxf3 13. b3 c6 14. Nc7 Rc8
15. Qa5 a6 16. Kb2 Ne7 17. Bg5 Nb8 18. Qb6 1-0